Cơ chế kinh tế, kế hoạch hóa và luật kinh tế Tập bài giảng của giáo sư Liên Xô tại trường, quản lý kinh tế trung ương Tập IV

Guardado en:
Detalles Bibliográficos
Autor principal: Lô-Gvi-Nốp
Otros Autores: A-G.Bu-Cốp, Ê-Mi-Li-A-Nốp
Formato: Libro
Publicado: Tp. Hồ Chí Minh [NXB Tp. Hồ Chí Minh] 1984
Materias:
Etiquetas: Agregar Etiqueta
Sin Etiquetas, Sea el primero en etiquetar este registro!
Thư viện lưu trữ: Trung tâm Học liệu Lê Vũ Hùng, Trường Đại học Đồng Tháp
LEADER 01000pam a22002178a 4500
001 00015677
005 20171026081022.0
008 110330s1984 ||||||Viesd
041 0 # |a Vie 
082 1 4 |a 335.411  |b C406CH 
100 0 # |a Lô-Gvi-Nốp 
245 0 0 |a Cơ chế kinh tế, kế hoạch hóa và luật kinh tế  |b Tập bài giảng của giáo sư Liên Xô tại trường, quản lý kinh tế trung ương  |c Lô-Gvi-Nốp, Ê-Mi-Li-A-Nốp, A-G.Bu-Cốp  |n Tập IV 
260 # # |a Tp. Hồ Chí Minh  |b [NXB Tp. Hồ Chí Minh]  |c 1984 
300 # # |a 343 tr.  |c 19 cm. 
653 # # |a Kinh tế  |a Cơ chế  |a Quản lý kinh tế  |a Luật kinh tế  |a Kinh tế  |a Quốc dân  |a Chủ nghĩa Mác Lênin 
700 0 # |a  A-G.Bu-Cốp 
700 0 # |a Ê-Mi-Li-A-Nốp, 
852 # # |j KD.0001051 
852 # # |j KD.0001051  |b Kho đọc 
910 |d 30/03/2011 
980 # # |a Trung tâm Học liệu Lê Vũ Hùng, Trường Đại học Đồng Tháp